La integración económica centroamericana; resumen crítico

Wedi'i Gadw mewn:
Manylion Llyfryddiaeth
Prif Awdur: Torres Rivas, Edelberto
Fformat: Texto
Cyhoeddwyd: San José: CSUCA
Tagiau: Ychwanegu Tag
Dim Tagiau, Byddwch y cyntaf i dagio'r cofnod hwn!

MARC

LEADER 00000 a a2200000 04500
001 20381
003
040 |a CRAI/IIS  |c CRAI/IIS 
090 |a 085000  
100 |a Torres Rivas, Edelberto  
245 |a La integración económica centroamericana; resumen crítico  
260 |a San José:   |b CSUCA  
300 |a 24 p.  
999 |c 4420  |d 4420